QGIS map design
Guardado en:
| Autor principal: | |
|---|---|
| Otros Autores: | |
| Formato: | Libro |
| Lenguaje: | inglés |
| Publicado: |
Chugiak
Locate Press
2016
|
| Materias: | |
| Etiquetas: |
Sin Etiquetas, Sea el primero en etiquetar este registro!
|
MARC
| LEADER | 00000nam a2200000 4500 | ||
|---|---|---|---|
| 001 | 0222582 | ||
| 005 | 20221107101146.8 | ||
| 020 | |a 978-0-9894217-5-1 | ||
| 020 | |a 978-0989421751 | ||
| 041 | 0 | |a eng | |
| 044 | |a US | ||
| 245 | 1 | 0 | |a QGIS map design |c by Anita Graser and Gretchen N. Peterson |
| 264 | 1 | |a Chugiak |b Locate Press |c 2016 | |
| 300 | |a 196 s. | ||
| 610 | 2 | 0 | |a programy počítačové |
| 610 | 2 | 0 | |a softvér |
| 610 | 2 | 0 | |a systémy informačné geografické |
| 610 | 2 | 0 | |a gramotnosť digitálna |
| 610 | 2 | 0 | |a mapy |
| 610 | 2 | 0 | |a zóny hospodárske zvláštne |
| 610 | 2 | 0 | |a cesty |
| 610 | 2 | 0 | |a geografia |
| 610 | 2 | 0 | |a QGIS |
| 100 | 1 | |a Graser, Anita | |
| 700 | 1 | |a Peterson, Gretchen N. | |